| 000 | 00289 a2200109 4500 | ||
|---|---|---|---|
| 001 | 32203 | ||
| 090 |
_c21636 _d21636 |
||
| 100 | _aKendal, Brian | ||
| 245 | _aManual of Avionics: An Introduction to the Electronics of Civil Aviation, 3/e | ||
| 250 | _a3 | ||
| 260 |
_aLondon _bBlack well science _c1993 |
||
| 942 | _aNUST-CAE | ||
| 999 |
_c267276 _d267276 |
||